As climate changes : international impacts and implications
Saved in:
| Corporate Author: | |
|---|---|
| Other Authors: | , |
| Format: | Book |
| Language: | English |
| Published: |
Cambridge :
Cambridge University Press,
c1995
|
| Subjects: | |
| Tags: |
Add Tag
No Tags, Be the first to tag this record!
|
MARC
| LEADER | 00000nam a2200000 i 4500 | ||
|---|---|---|---|
| 001 | 1/69938 | ||
| 008 | 981111s1995 eng d | ||
| 020 | |a 0-521-46796-9 | ||
| 035 | |l 10030502 | ||
| 040 | |a GR-MY-UA |b gre |e aacr | ||
| 041 | 0 | |a eng | |
| 082 | 0 | |a 551.6 | |
| 245 | 1 | 0 | |a As climate changes : |b international impacts and implications / |c Kenneth M. Strzepek and Joel B. Smith, editors |
| 260 | |a Cambridge : |b Cambridge University Press, |c c1995 | ||
| 300 | |a 213 p. |b ill. | ||
| 504 | |a Inlcudes index | ||
| 650 | 0 | 0 | |a Climatic changes. |
| 650 | 0 | 0 | |a Climatic changes |z Developing countries. |
| 650 | 0 | 0 | |a Climatic changes |z Egypt. |
| 700 | 1 | |a Strzepek, Kenneth M. |4 edt | |
| 700 | 1 | |a Smith, Joel B. |4 edt | |
| 710 | 2 | |a United States Environmental Protection Agency |b Climate Change Division. | |
| 852 | |a INST |b LESVOS |e 19981111 |h 551.6 ASC |p 005100018391 |q 005100018391 |t BK |y 0 | ||
| 901 | |a BIBL-1999-1 | ||
| 909 | |a Λ |b 059780 | ||
| 922 | |a 1ΕΛΗ |b 199810 |c ΚΠΣ/ΤΓ |d ΠΑΠΑΣΩΤΗΡΙΟΥ | ||
| 950 | |a 118-1998-07-21 | ||